000 00286nam a2200121 a 4500
008 101026s1970|||| d
100 1 _aMarkov, Georgi
245 1 0 _aŽeny diabolského vrchu
260 _bTatran
_aBratislava
_c1970
020 _c12,50
041 _aslo
044 _axo
_cSK
999 _c12304
_d12304